[Event "Luzern ol (Men)"]
[Site "Luzern"]
[Date "1982.??.??"]
[Round "12"]
[White "Alburt, Lev O"]
[Black "Ribli, Zoltan"]
[Result "1/2-1/2"]
[WhiteElo "2565"]
[BlackElo "2580"]

1.d4 Nf6 2.g3 d5 3.Bg2 g6 4.c4 dxc4 5.Qa4+ Nfd7 6.Nf3 Nc6 7.Qxc4 Bg7 8.O-O Nb6
9.Qc2 O-O 10.Rd1 Bf5 11.Qc5 Qd6 12.Qxd6 cxd6 13.Nc3 Rac8 14.h3 Rfd8 15.e4 Bd7
16.Bf1 Nb4 17.a3 Nc2 18.Rb1 Kf8 19.g4 h6 20.Bd3 Nxd4 21.Nxd4 Bxd4 22.Bxh6+ Bg7
23.Bxg7+ Kxg7 24.Ne2 e5 25.Nc3 Be6 26.Bf1 d5 27.exd5 Nxd5 28.Nxd5 Rxd5 29.Bg2 Rxd1+
30.Rxd1 Rc2 31.Bxb7 Rxb2 32.Bd5 Kf6 33.Rd3 Bxd5 34.Rxd5 Rb3 35.Ra5 Rxh3 36.Kg2 Rb3
37.Rxa7 e4 38.a4 Ra3 39.a5 Kg5 40.Rxf7 Rxa5 41.Re7 Kf4 42.Re6 g5 43.Re8 Ra6
44.Re7 Rh6 45.Re8 Rh4 46.Rf8+ Kxg4 47.Re8 Kf5 48.f3  1/2-1/2

[Event "Luzern ol (Men)"]
[Site "Luzern"]
[Date "1982.??.??"]
[Round "13"]
[White "Hug, Werner"]
[Black "Ribli, Zoltan"]
[Result "1/2-1/2"]
[WhiteElo "2435"]
[BlackElo "2580"]

1.e4 c5 2.Nc3 e6 3.Nge2 Nf6 4.g3 d5 5.exd5 exd5 6.Bg2 d4 7.Ne4 Nxe4 8.Bxe4 Nd7
9.O-O Nf6 10.Bg2 Bd6 11.c3 O-O 12.cxd4 cxd4 13.d3 Re8 14.Nf4 Qb6 15.Qb3 Qa5
16.Qc2 Bf5 17.Bd2 Bb4 18.Bxb4 Qxb4 19.a3 Qb5 20.Qd2 h6 21.h4 Rac8 22.Rfc1 b6
23.Rxc8 Rxc8 24.Rc1 Rc5 25.b4 Rxc1+ 26.Qxc1 Qe5 27.Qd2 Kf8 28.Bf3 g5 29.hxg5 hxg5
30.Ne2 Bg4 31.Bxg4 Nxg4 32.Qb2 Qb8 33.Qxd4  1/2-1/2

[Event "Novi Sad"]
[Site "Novi Sad"]
[Date "1982.??.??"]
[Round "?"]
[White "Ribli, Zoltan"]
[Black "Smejkal, Jan"]
[Result "1/2-1/2"]
[WhiteElo "2580"]
[BlackElo "2565"]

1.Nf3 Nf6 2.c4 g6 3.Nc3 d5 4.cxd5 Nxd5 5.h4 h6 6.e4 Nxc3 7.bxc3 Bg7 8.d4 c5
9.Rb1 O-O 10.Be2 Nd7 11.O-O e5 12.h5 exd4 13.hxg6 fxg6 14.cxd4 cxd4 15.Nxd4 Nc5
16.Be3 Nxe4 17.Qc2 Qh4 18.Bf3 Ng5 19.Bxb7 Bxb7 20.Rxb7 Qe4 21.Qc4+ Rf7 22.Rc7 Rf8
23.Rxa7 Bxd4 24.Rxf7 Nxf7 25.Bxd4 Rd8 26.Rd1 h5 27.a4 h4 28.Rd3 Rd5 29.Qc3 Rg5
30.Rf3 Qg4 31.g3 hxg3 32.fxg3 Rd5 33.Bf2 Ng5 34.Re3 Rd1+ 35.Be1 Rxe1+ 36.Qxe1 Nf3+
37.Rxf3 Qxf3 38.Qe8+ Kg7 39.Qe5+ Kg8 40.a5 Qd1+ 41.Kg2 Qc2+ 42.Kh3 Qc8+ 43.g4 Qd8
44.Qc3 Qd5 45.a6 Qh1+ 46.Kg3 Qg1+ 47.Kh4 Qh1+ 48.Kg5 Qd5+ 49.Kh6 Qh1+ 50.Kxg6 Qb1+
51.Kh5 Qh1+ 52.Kg5 Qd5+ 53.Kh4 Qh1+ 54.Kg5 Qd5+ 55.Kf4 Qd6+ 56.Qe5 Qxa6 57.Kg5 Qc6
58.Qf4  1/2-1/2

[Event "Surakarta/Denpasar"]
[Site "Surakarta"]
[Date "1982.??.??"]
[Round "10"]
[White "Ribli, Zoltan"]
[Black "Miles, Anthony J"]
[Result "1/2-1/2"]
[WhiteElo "2590"]
[BlackElo "2575"]

1.Nf3 Nf6 2.c4 c5 3.Nc3 d5 4.cxd5 Nxd5 5.e3 Nc6 6.d4 cxd4 7.exd4 Bg4 8.Qb3 Bxf3
9.gxf3 Nb6 10.Be3 e6 11.O-O-O Be7 12.d5 exd5 13.Bxb6 Qxb6 14.Qxb6 axb6 15.Nxd5 Rxa2
16.Kb1 Ra5 17.Bb5 Kf8 18.Nxe7 Kxe7  1/2-1/2

[Event "Surakarta/Denpasar"]
[Site "Surakarta"]
[Date "1982.??.??"]
[Round "22"]
[White "Ribli, Zoltan"]
[Black "Christiansen, Larry Mark"]
[Result "1/2-1/2"]
[WhiteElo "2590"]
[BlackElo "2585"]

1.Nf3 c5 2.c4 Nf6 3.Nc3 e6 4.g3 b6 5.Bg2 Bb7 6.O-O Be7 7.d4 cxd4 8.Qxd4 d6
9.Rd1 a6 10.b3 Nbd7 11.e4 Qc7 12.Ba3 Nc5 13.e5 dxe5 14.Qxe5 Qc8 15.Na4 Nfd7
16.Qxg7 Bf6 17.Qh6 Bxa1 18.Rxa1 Qc7 19.Nxc5 bxc5 20.Bb2 Rg8 21.Qh4 Qd6 22.Re1 Qd3
23.Ng5 Qd2 24.Bxb7 Qxe1+ 25.Kg2 Qd2 26.Bxa8 Qxb2 27.Ne4  1/2-1/2

[Event "EU-chT Plovdiv"]
[Site "Plovdiv"]
[Date "1983.??.??"]
[Round "1"]
[White "Gligoric, Svetozar"]
[Black "Ribli, Zoltan"]
[Result "1/2-1/2"]
[WhiteElo "2510"]
[BlackElo "2595"]

1.d4 Nf6 2.c4 e6 3.Nc3 Bb4 4.e3 O-O 5.Bd3 c5 6.Nf3 d5 7.O-O dxc4 8.Bxc4 Nbd7
9.Bd3 b6 10.Re1 Bb7 11.a3 Ba5 12.Rb1 Qe7 13.e4 h6 14.d5 Bxc3 15.bxc3 c4  1/2-1/2

[Event "EU-chT Plovdiv"]
[Site "Plovdiv"]
[Date "1983.??.??"]
[Round "3"]
[White "Hansen, Curt"]
[Black "Ribli, Zoltan"]
[Result "1/2-1/2"]
[WhiteElo "2450"]
[BlackElo "2595"]

1.d4 Nf6 2.Nf3 d5 3.c4 e6 4.Nc3 c5 5.cxd5 Nxd5 6.e3 Nc6 7.Bd3 Be7 8.O-O O-O
9.a3 cxd4 10.exd4 Bf6 11.Re1 Nxc3 12.bxc3 b6 13.h4 Bb7 14.Ng5 g6 15.Qg4 h5
16.Qg3 Ne7 17.Bf4 Rc8 18.Rac1 Qd7 19.Nf3 Bxf3 20.Qxf3 Nd5 21.Bh6 Bg7 22.Bd2 b5
23.Qe2 a6 24.a4 bxa4 25.Bxa6 Rb8 26.Ra1 Rb2 27.Qd3 Qc6 28.Bc4 Rxd2 29.Bxd5 Rxd3
30.Bxc6 Rxc3 31.Bxa4 Bxd4 32.Rac1 Ra3 33.Bd1 Rb8 34.Re2 Rb4 35.Kf1 Kg7 36.g3 e5
37.Kg2 f5 38.Rec2 Kh6 39.Be2 e4 40.Rc4 Rb2 41.Rxd4 Rxe2 42.Rd7  1/2-1/2

[Event "EU-chT Plovdiv"]
[Site "Plovdiv"]
[Date "1983.??.??"]
[Round "4"]
[White "Inkiov, Ventzislav"]
[Black "Ribli, Zoltan"]
[Result "0-1"]
[WhiteElo "2500"]
[BlackElo "2595"]

1.e4 c5 2.Nf3 d6 3.d4 cxd4 4.Nxd4 Nf6 5.Nc3 a6 6.Bc4 e6 7.Bb3 b5 8.O-O Be7
9.f4 Bb7 10.e5 dxe5 11.fxe5 Bc5 12.Be3 Nc6 13.exf6 Bxd4 14.fxg7 Bxe3+ 15.Kh1 Rg8
16.Qf3 Rxg7 17.Bxe6 Qe7 18.Bd5 Nd4 19.Qh3 Bd2 20.Bxb7 Qxb7 21.Rf2 Bxc3 22.Qxc3 Ne6
23.Re1 Rg8 24.a4 bxa4 25.Qc4 Rg6 26.Qd4 Qa7 27.Qxa4+ Kf8 28.Ref1 Rg7 29.Qc6 Kg8
30.Rd2 Rf8  0-1

[Event "EU-chT Plovdiv"]
[Site "Plovdiv"]
[Date "1983.??.??"]
[Round "5"]
[White "Ribli, Zoltan"]
[Black "Sosonko, Gennadi"]
[Result "1/2-1/2"]
[WhiteElo "2595"]
[BlackElo "2585"]

1.Nf3 Nf6 2.c4 e6 3.d4 d5 4.e3 Be7 5.b3 O-O 6.Bb2 b6 7.cxd5 exd5 8.Nbd2 Nbd7
9.Rc1 Bb7 10.Bd3 c5 11.O-O Ne4 12.Qe2 Bd6 13.Ne5 Nxd2 14.Qxd2 Qe7 15.Nxd7 Qxd7
16.Rfd1 a5 17.dxc5 bxc5 18.Qc3 f6 19.a4 Qe7 20.Qc2 g6 21.Be2 Qf7 22.e4 Qc7
23.exd5 Bxh2+ 24.Kh1 Bf4 25.Rb1 Kg7 26.Bg4 Rfe8 27.Be6 Rad8 28.Rd3 Qd6 29.Rbd1 Ba6
30.Rf3 Bb7  1/2-1/2

[Event "EU-chT Plovdiv"]
[Site "Plovdiv"]
[Date "1983.??.??"]
[Round "6"]
[White "Pfleger, Helmut"]
[Black "Ribli, Zoltan"]
[Result "1/2-1/2"]
[WhiteElo "2505"]
[BlackElo "2595"]

1.c4 c5 2.Nc3 Nc6 3.g3 g6 4.Bg2 Bg7 5.e3 e6 6.Nge2 Nge7 7.d4 cxd4 8.Nxd4 O-O
9.O-O d5 10.cxd5 Nxd5 11.Nxd5 Nxd4 12.exd4 exd5 13.Qb3 Be6  1/2-1/2

[Event "London"]
[Site "London"]
[Date "1984.??.??"]
[Round "?"]
[White "Andersson, Ulf"]
[Black "Ribli, Zoltan"]
[Result "1/2-1/2"]
[WhiteElo "2630"]
[BlackElo "2610"]

1.d4 Nf6 2.Nf3 b6 3.c4 e6 4.a3 Bb7 5.Nc3 d5 6.Bg5 Nbd7 7.e3 Be7 8.Bd3 O-O
9.Rc1 dxc4 10.Bxc4 c5 11.O-O h6 12.Bh4 cxd4 13.exd4 Ne4 14.Bxe7 Qxe7 15.Nxe4 Bxe4
16.d5 exd5 17.Bxd5 Bxd5 18.Qxd5 Nf6 19.Qe5 Rfe8  1/2-1/2

[Event "London"]
[Site "London"]
[Date "1984.??.??"]
[Round "?"]
[White "Miles, Anthony J"]
[Black "Ribli, Zoltan"]
[Result "0-1"]
[WhiteElo "2610"]
[BlackElo "2610"]

1.b4 e6 2.Bb2 Nf6 3.b5 b6 4.e3 Bb7 5.Nf3 Be7 6.Be2 O-O 7.O-O d5 8.d3 c5 9.Nbd2 Nbd7
10.c4 Bd6 11.Re1 Qc7 12.Bf1 dxc4 13.Nxc4 Bxf3 14.gxf3 Bxh2+ 15.Kh1 Be5 16.Nxe5 Nxe5
17.f4 Ng6 18.Qf3 Rad8 19.Be2 Rd5 20.Qh3 Rfd8 21.Rac1 Rf5 22.Rg1 Qd7 23.a4 e5
24.Kh2 Qe6 25.Rg5 Qa2 26.Rxf5 Qxb2 27.fxe5 Qxc1 28.exf6 Qb2 29.Bf1 gxf6 30.Qf3 Kg7
31.Qe4 Qb3 32.Kg1 Qe6 33.Qg4 Rd5 34.e4 Rd4 35.Qg3 Rxa4 36.Rh5 Ra1 37.Kg2 c4
38.dxc4 Qxe4+ 39.f3 Qc2+ 40.Kg1 Qxc4 41.Qh3 h6 42.Qg2 Qd3 43.f4 Qd4+ 44.Kh2 Qxf4+
45.Kg1 Qd4+ 46.Kh2 Rd1 47.Rf5 Rd2 48.Be2 Qh4+  0-1

[Event "London"]
[Site "London"]
[Date "1984.??.??"]
[Round "?"]
[White "Ribli, Zoltan"]
[Black "Karpov, Anatoly"]
[Result "1/2-1/2"]
[WhiteElo "2610"]
[BlackElo "2700"]

1.Nf3 Nf6 2.c4 e6 3.Nc3 d5 4.d4 Be7 5.Bg5 h6 6.Bxf6 Bxf6 7.e3 O-O 8.Rc1 c6
9.Bd3 Nd7 10.O-O dxc4 11.Bxc4 e5 12.Bb3 exd4 13.exd4 Re8 14.h3 Nf8 15.d5 Bd7
16.Re1 Rxe1+ 17.Qxe1 cxd5 18.Rd1 Bxc3 19.Qxc3 Be6 20.Bxd5 Rc8 21.Qb3  1/2-1/2

[Event "London"]
[Site "London"]
[Date "1984.??.??"]
[Round "?"]
[White "Timman, Jan H"]
[Black "Ribli, Zoltan"]
[Result "1/2-1/2"]
[WhiteElo "2610"]
[BlackElo "2610"]

1.e4 c5 2.Nf3 d6 3.d4 cxd4 4.Nxd4 Nf6 5.Nc3 a6 6.Be3 e6 7.f4 b5 8.Qf3 Bb7
9.Bd3 Nbd7 10.g4 b4 11.Nce2 Nc5 12.Ng3 Nfd7 13.O-O-O g6 14.h4 Qc7 15.Kb1 O-O-O
16.h5 Be7 17.Qe2 Kb8 18.Rhf1 Rhf8 19.Nb3 a5 20.f5 Bh4 21.Nxc5 Nxc5 22.Qh2 g5
23.Qg1 Rc8 24.fxe6 fxe6 25.Rxf8 Rxf8 26.e5 Nxd3 27.cxd3 dxe5 28.Ne4 Bxe4
29.dxe4 Qc6 30.Qg2 Rc8 31.Rc1 Qb5 32.Rxc8+ Kxc8 33.Qc2+ Kb7 34.Qc5 Qd3+ 35.Kc1 Qf1+
36.Kc2 Qe2+ 37.Kc1  1/2-1/2

[Event "URS-World"]
[Site "London"]
[Date "1984.??.??"]
[Round "1.5"]
[White "Vaganian, Rafael A"]
[Black "Ribli, Zoltan"]
[Result "1/2-1/2"]
[WhiteElo "2630"]
[BlackElo "2610"]

1.d4 Nf6 2.c4 e6 3.Nf3 b6 4.Nc3 Bb4 5.Bg5 Bb7 6.e3 h6 7.Bh4 g5 8.Bg3 Ne4
9.Qc2 Bxc3+ 10.bxc3 Nxg3 11.fxg3 g4 12.Nh4 Nc6 13.Qf2 Qe7 14.Bd3 O-O-O 15.O-O Qa3
16.Qc2 f5 17.Rab1 Rhg8 18.c5 Ba6 19.Bxa6+ Qxa6 20.c4 bxc5 21.Qc3 d5 22.dxc5 Qxc4
23.Qf6  1/2-1/2

[Event "URS-World"]
[Site "London"]
[Date "1984.??.??"]
[Round "3.5"]
[White "Vaganian, Rafael A"]
[Black "Ribli, Zoltan"]
[Result "1/2-1/2"]
[WhiteElo "2630"]
[BlackElo "2610"]

1.d4 Nf6 2.Nf3 e6 3.c4 b6 4.Nc3 Bb4 5.Bg5 Bb7 6.e3 h6 7.Bh4 g5 8.Bg3 Ne4
9.Qc2 Bxc3+ 10.bxc3 d6 11.Bd3 f5 12.d5 Nc5 13.Nd4 Qf6 14.f4 gxf4 15.exf4 Nba6
16.Nxe6 Nxe6 17.dxe6 O-O 18.O-O Nc5 19.Rae1 Rae8 20.Bf2 Ne4 21.Re3 Rxe6 22.Bxe4 Bxe4
23.Qd2 Rf7 24.Rh3 Kh7 25.Bh4 Qg7 26.Rg3 Rg6 27.Re1 Rxg3 28.hxg3 Rf8 29.Kf2 Re8
30.Qd4 Qg6 31.Rh1 c5 32.Qd1 Kg8 33.Re1 Kf8 34.Re2 Re6 35.Re3 Bc6 36.Qe2 Rxe3
37.Qxe3 Qe8 38.Qd3 Qe6 39.g4 fxg4 40.Qh7 Be4 41.Qxa7 Bd3  1/2-1/2

[Event "URS-World"]
[Site "London"]
[Date "1984.??.??"]
[Round "4.5"]
[White "Ribli, Zoltan"]
[Black "Vaganian, Rafael A"]
[Result "1-0"]
[WhiteElo "2610"]
[BlackElo "2630"]

1.Nf3 Nf6 2.c4 g6 3.g3 b6 4.Bg2 Bb7 5.d4 c5 6.d5 b5 7.O-O Bg7 8.Re1 d6 9.e4 Nbd7
10.cxb5 O-O 11.Nc3 a6 12.bxa6 Rxa6 13.h3 Qa8 14.Qc2 Re8 15.Bf4 Rb6 16.Rad1 Nh5
17.Be3 Rb8 18.Na4 Ra6 19.b3 Nb6 20.Nxb6 Rxb6 21.e5 dxe5 22.Bxc5 Rc8 23.Nxe5 Nf6
24.Qc4 Ra6 25.Nc6 Bxc6 26.dxc6  1-0

[Event "Portoroz/Ljubljana"]
[Site "Ljubljana"]
[Date "1985.??.??"]
[Round "1"]
[White "Christiansen, Larry Mark"]
[Black "Ribli, Zoltan"]
[Result "1/2-1/2"]
[WhiteElo "2560"]
[BlackElo "2615"]

1.d4 Nf6 2.Nf3 e6 3.e3 b6 4.Bd3 Bb7 5.O-O c5 6.b3 Be7 7.Bb2 O-O 8.Nbd2 cxd4
9.exd4 d6 10.Qe2 Nbd7 11.c4 Re8 12.Ng5 h6 13.f4 Bf8 14.Rae1 a6 15.Qf2 b5
16.Nde4 bxc4 17.Nxf6+ Nxf6 18.bxc4 Rb8 19.Nf3  1/2-1/2

[Event "Portoroz/Ljubljana"]
[Site "Ljubljana"]
[Date "1985.??.??"]
[Round "5"]
[White "Cigan, Stefan"]
[Black "Ribli, Zoltan"]
[Result "0-1"]
[WhiteElo "2280"]
[BlackElo "2615"]

1.e4 c5 2.Nf3 d6 3.d4 cxd4 4.Nxd4 Nf6 5.Nc3 a6 6.Bg5 e6 7.f4 Qb6 8.Qd2 Qxb2
9.Rb1 Qa3 10.Be2 Be7 11.O-O Qa5 12.e5 dxe5 13.fxe5 Qxe5 14.Bf4 Qa5 15.Bf3 Nbd7
16.Kh1 Qd8 17.Rxb7 Bxb7 18.Bxb7 Nc5 19.Bc6+ Nfd7 20.Ne4 O-O 21.Bxa8 Qxa8
22.Bd6 Nxe4  0-1

[Event "Portoroz/Ljubljana"]
[Site "Ljubljana"]
[Date "1985.??.??"]
[Round "8"]
[White "Ribli, Zoltan"]
[Black "Miles, Anthony J"]
[Result "1/2-1/2"]
[WhiteElo "2615"]
[BlackElo "2570"]

1.Nf3 Nf6 2.c4 c6 3.Nc3 d5 4.cxd5 cxd5 5.d4 Nc6 6.Bf4 Bf5 7.e3 e6 8.Ne5 Nd7
9.Nxc6 bxc6 10.Be2 Be7 11.O-O O-O  1/2-1/2

[Event "Lugano op"]
[Site "Lugano"]
[Date "1985.??.??"]
[Round "2"]
[White "Kelecevic, Nedeljko"]
[Black "Ribli, Zoltan"]
[Result "1/2-1/2"]
[WhiteElo "2350"]
[BlackElo "2615"]

1.d4 Nf6 2.c4 e6 3.Nc3 Bb4 4.e3 O-O 5.Bd3 c5 6.Ne2 d5 7.cxd5 cxd4 8.exd4 Nxd5
9.Qc2 h6 10.O-O Nc6 11.Nxd5 exd5 12.Be3 Re8 13.Qb3 Bd6 14.Ng3 Be6 15.Bc2 Nb4
16.Bb1 Bf8 17.a3 Nc6 18.Qd3 g6 19.Bc2 Na5 20.b3 Rc8 21.Bd2 Bg7 22.Rac1 Nc6
23.Be3 a5 24.Qd2 h5 25.Ne2 Qd6 26.Ra1 Bg4 27.Nc3 Bxd4 28.Bxd4 Nxd4 29.Qxd4 Qc5
30.Qxc5 Rxc5 31.Nxd5 Rxd5 32.b4 axb4 33.axb4 Rd4 34.Rab1 Rc8 35.Bb3 Kf8 36.b5 Rc5
37.b6 Bf5 38.Rfc1 Rxc1+ 39.Rxc1 Rb4 40.Bd5 Rxb6 41.g4 hxg4 42.Rc7 Rb5 43.Bxf7 Re5
44.Bb3 Re7 45.Rc5 Kg7 46.Kg2 Kf6 47.Rb5 Re5 48.Rb6+ Kg5 49.Kg3 Re1 50.f4+ gxf3
51.Bd5 Bg4 52.Bxf3 Bxf3 53.Kxf3 Re7 54.Kg3 Kf5 55.h4 Rg7 56.Kf3 Rc7 57.Rb5+ Kf6
58.Kf4  1/2-1/2

[Event "Lugano op"]
[Site "Lugano"]
[Date "1985.??.??"]
[Round "3"]
[White "Ribli, Zoltan"]
[Black "Sokolov, Andrei"]
[Result "1-0"]
[WhiteElo "2615"]
[BlackElo "2550"]

1.Nf3 Nf6 2.c4 e6 3.Nc3 b6 4.g3 c5 5.Bg2 Bb7 6.O-O d6 7.d4 cxd4 8.Qxd4 a6
9.b3 Nbd7 10.Rd1 Be7 11.e4 Qb8 12.Ba3 Nc5 13.e5 dxe5 14.Qxe5 Qa7 15.Na4 Rc8
16.Nxc5 bxc5 17.Bb2 Bc6 18.Rd3 O-O 19.Rad1 Rfd8 20.Rxd8+ Bxd8 21.Ng5 Bxg2
22.Kxg2 Be7 23.f3 Qc7 24.Ne4 Qxe5 25.Bxe5 Nxe4 26.fxe4 f6 27.Rd7 fxe5 28.Rxe7 Rd8
29.Rxe6 Rd2+ 30.Kh3 Rxa2 31.Rxe5 Rb2 32.Rxc5 Rxb3 33.Kg4 Rb7 34.Kf5 Kf7 35.Ra5 Rb6
36.Ke5 Ke7 37.c5 Rh6 38.Ra2 a5 39.Rxa5 Rh5+ 40.Kd4 Rxh2 41.Ra7+ Kf6 42.e5+ Ke6
43.Rxg7 Rd2+ 44.Kc4 h5 45.Kb5 Rd3 46.c6 Kxe5 47.c7 Rc3 48.Kb6 Rb3+ 49.Kc6 Rc3+
50.Kd7 Rd3+ 51.Ke8 Rc3 52.Kd8 Kf6 53.Rd7  1-0

[Event "Reggio Emilia8586"]
[Site "Reggio Emilia"]
[Date "1985.??.??"]
[Round "4"]
[White "Kavalek, Lubomir"]
[Black "Ribli, Zoltan"]
[Result "1/2-1/2"]
[WhiteElo "2555"]
[BlackElo "2615"]

1.d4 Nf6 2.c4 e6 3.Nf3 b6 4.g3 Bb7 5.Bg2 Be7 6.O-O O-O 7.Nc3 Ne4 8.Nxe4 Bxe4
9.Ne1 Bxg2 10.Nxg2 d5 11.Qa4 dxc4 12.Qxc4 c5 13.Be3 cxd4 14.Bxd4 Qc8 15.Rac1 Qxc4
16.Rxc4  1/2-1/2

[Event "Reggio Emilia8586"]
[Site "Reggio Emilia"]
[Date "1985.??.??"]
[Round "5"]
[White "Ribli, Zoltan"]
[Black "Smejkal, Jan"]
[Result "1/2-1/2"]
[WhiteElo "2615"]
[BlackElo "2555"]

1.d4 Nf6 2.Nf3 g6 3.g3 Bg7 4.Bg2 O-O 5.O-O d5 6.Nbd2 Na6 7.Nb3 c6 8.Bf4 Ne4
9.Nfd2 f5 10.f3 Nd6 11.c3 Nf7 12.e4 g5 13.Be3 e5 14.dxe5 Nxe5 15.exd5 f4
16.Bd4  1/2-1/2

[Event "Reggio Emilia8586"]
[Site "Reggio Emilia"]
[Date "1985.??.??"]
[Round "8"]
[White "Sosonko, Gennadi"]
[Black "Ribli, Zoltan"]
[Result "1/2-1/2"]
[WhiteElo "2535"]
[BlackElo "2615"]

1.d4 d5 2.c4 c6 3.Nf3 Nf6 4.Nc3 dxc4 5.a4 Bf5 6.e3 e6 7.a5 Bd3 8.Bxd3 cxd3
9.Qb3 Na6 10.Qxb7 Qc8 11.Qxc8+  1/2-1/2

[Event "Reggio Emilia8586"]
[Site "Reggio Emilia"]
[Date "1985.??.??"]
[Round "9"]
[White "Ribli, Zoltan"]
[Black "Ljubojevic, Ljubomir"]
[Result "1/2-1/2"]
[WhiteElo "2615"]
[BlackElo "2595"]

1.Nf3 d5 2.d4 Nf6 3.c4 c6 4.Nc3 dxc4 5.a4 Bf5 6.Ne5 c5 7.dxc5 Qxd1+ 8.Kxd1 Nc6
9.Nxc6 bxc6 10.a5 e5 11.Ra4 Bxc5 12.Rxc4 Bxf2 13.e3 Bg4+ 14.Kc2 O-O 15.Rxc6 Rfd8
16.Bd3 Bd7 17.Rc7 e4 18.Bc4  1/2-1/2

[Event "Reggio Emilia8586"]
[Site "Reggio Emilia"]
[Date "1985.??.??"]
[Round "10"]
[White "Romanishin, Oleg M"]
[Black "Ribli, Zoltan"]
[Result "1-0"]
[WhiteElo "2570"]
[BlackElo "2615"]

1.d4 Nf6 2.c4 e6 3.Nc3 Bb4 4.g3 c5 5.Nf3 cxd4 6.Nxd4 O-O 7.Bg2 d5 8.O-O dxc4
9.Qa4 Qa5 10.Qxa5 Bxa5 11.Ndb5 Nc6 12.Rd1 a6 13.Nd6 Bxc3 14.bxc3 Nd5 15.Nxc4 Nxc3
16.Rd2 a5 17.Ba3 Re8 18.Rc1 Na4 19.Nd6 Rd8 20.Rxc6 bxc6 21.Bxc6 Nb6 22.Bxa8 Nxa8
23.f3 e5 24.Rd5 a4 25.Nxc8 Rxc8 26.Rxe5 h6 27.Rb5 Kh7 28.Kf2 Rc2 29.Rb2 Rc6
30.Rb7 Nc7 31.Bb2 Kg6 32.a3 Nd5 33.Rd7 Nb6 34.Ra7  1-0

[Event "Sarajevo"]
[Site "Sarajevo"]
[Date "1985.??.??"]
[Round "1"]
[White "Kozul, Zdenko"]
[Black "Ribli, Zoltan"]
[Result "1/2-1/2"]
[WhiteElo "2380"]
[BlackElo "2615"]

1.d4 Nf6 2.c4 e6 3.Nf3 b6 4.Nc3 Bb4 5.Qc2 Bb7 6.a3 Bxc3+ 7.Qxc3 O-O 8.e3 Ne4
9.Qc2 f5 10.b4 a5 11.b5 d6 12.Bb2 Nd7 13.Be2 Qe7 14.O-O Ng5 15.Nd2 Rae8 16.Rae1 Nh3+
17.Kh1 Qh4 18.Bf3 Bxf3 19.Nxf3 Qh5 20.Nd2 Ng5 21.f4 Nf7 22.Qc3 Nh6 23.e4 fxe4
24.Nxe4 Ng4 25.h3 Ngf6  1/2-1/2

[Event "Sarajevo"]
[Site "Sarajevo"]
[Date "1985.??.??"]
[Round "4"]
[White "Ribli, Zoltan"]
[Black "Chandler, Murray G"]
[Result "1/2-1/2"]
[WhiteElo "2615"]
[BlackElo "2585"]

1.d4 Nf6 2.Nf3 e6 3.c4 b6 4.g3 Ba6 5.b3 Bb4+ 6.Bd2 Be7 7.Nc3 c6 8.e4 d5 9.e5 Ne4
10.Bd3 Nxc3 11.Bxc3 Bb7 12.Qe2 c5 13.dxc5 bxc5 14.O-O O-O 15.Rad1 d4 16.Bd2 Nd7
17.Be4 Bxe4 18.Qxe4 Qc7 19.Rfe1 Rfe8 20.h4 a5 21.a4 Rab8 22.Rb1 Bf8 23.Qg4 Kh8
24.Re4 Rb7 25.h5 h6 26.Rf4 Nb8 27.Re4 Qd8 28.Ree1  1/2-1/2

[Event "Sarajevo"]
[Site "Sarajevo"]
[Date "1985.??.??"]
[Round "5"]
[White "Kurajica, Bojan"]
[Black "Ribli, Zoltan"]
[Result "1/2-1/2"]
[WhiteElo "2535"]
[BlackElo "2615"]

1.d4 Nf6 2.Nf3 e6 3.g3 b6 4.Bg2 Bb7 5.c4 Be7 6.O-O O-O 7.Nc3 Ne4 8.Nxe4 Bxe4
9.Ne1 Bxg2 10.Nxg2 d5 11.Qa4 dxc4 12.Qxc4 c5  1/2-1/2

[Event "Sarajevo"]
[Site "Sarajevo"]
[Date "1985.??.??"]
[Round "6"]
[White "Ribli, Zoltan"]
[Black "Lalic, Bogdan"]
[Result "1/2-1/2"]
[WhiteElo "2615"]
[BlackElo "2440"]

1.Nf3 Nf6 2.c4 e6 3.g3 c5 4.Bg2 d5 5.O-O Nc6 6.cxd5 exd5 7.d4 Be7 8.dxc5 Bxc5
9.Qc2 Be7 10.Rd1 O-O 11.Nc3 Qa5 12.Be3 Be6 13.a3 Rac8 14.b4 Qc7 15.Rac1 a5
16.Bf4 Qb6 17.b5 d4 18.bxc6 dxc3 19.Nd4 bxc6 20.Nxe6 fxe6 21.Be3 Qa6 22.Qxc3 Qxe2
23.Bh3 Ng4 24.Re1 Qf3 25.Bd4 h5 26.Rxe6 Bxa3 27.Qc4 Bxc1 28.Rxc6+ Kh7 29.Qc2+ Qf5
30.Rxc8 Qxc2 31.Rxc2 Rd8 32.Rc4 Bd2 33.Bg2 Re8 34.Bf3 Re1+ 35.Kg2 Ne5 36.Rc7 Rg1+
37.Kxg1 Nxf3+ 38.Kf1 Nxd4 39.Rc4 Nb3 40.Ke2 Bb4 41.f3 Nc5 42.h4 Kg6 43.g4 Ne6
44.Ke3 hxg4 45.fxg4 Be7 46.Rc6 Kf7 47.g5 g6 48.Ra6  1/2-1/2

[Event "Sarajevo"]
[Site "Sarajevo"]
[Date "1985.??.??"]
[Round "8"]
[White "Lputian, Smbat G"]
[Black "Ribli, Zoltan"]
[Result "1/2-1/2"]
[WhiteElo "2530"]
[BlackElo "2515"]

1.d4 Nf6 2.c4 e6 3.Nf3 d5 4.Bg5 dxc4 5.e4 b5 6.a4 c6 7.Nc3 Qb6 8.Bxf6 gxf6
9.Be2 Bb7 10.O-O a6 11.d5 Bc5 12.dxe6 fxe6 13.e5 Nd7 14.exf6 O-O-O  1/2-1/2

[Event "Sarajevo"]
[Site "Sarajevo"]
[Date "1985.??.??"]
[Round "11"]
[White "Ribli, Zoltan"]
[Black "Andersson, Ulf"]
[Result "1/2-1/2"]
[WhiteElo "2615"]
[BlackElo "2575"]

1.d4 Nf6 2.c4 e6 3.Nf3 d5 4.Nc3 Nbd7 5.Bg5 h6 6.Bh4 Be7 7.e3 Ne4 8.Bxe7 Qxe7
9.Bd3 Nxc3 10.bxc3 c5 11.cxd5 exd5 12.O-O O-O 13.Qb1 Nf6 14.Qb5 b6 15.Ne5 Ng4
16.Nxg4 Bxg4 17.dxc5 Qxc5 18.Qxc5 bxc5 19.Rfb1 Rab8 20.Kf1 g6 21.Ke1 Kg7
22.a4 Rfc8 23.Kd2 Kf6 24.a5 Rxb1 25.Rxb1 c4  1/2-1/2

[Event "Sarajevo"]
[Site "Sarajevo"]
[Date "1985.??.??"]
[Round "12"]
[White "Georgiev, Kiril"]
[Black "Ribli, Zoltan"]
[Result "1/2-1/2"]
[WhiteElo "2535"]
[BlackElo "2615"]

1.Nf3 Nf6 2.c4 e6 3.Nc3 d5 4.d4 c5 5.cxd5 Nxd5 6.e4 Nxc3 7.bxc3 cxd4 8.cxd4 Nc6
9.Bc4 b5 10.Be2 Bb4+ 11.Bd2 Qa5 12.d5 exd5 13.exd5 Ne7 14.O-O Bxd2 15.Nxd2 O-O
16.Nb3 Qd8 17.Bxb5 Bb7 18.Nc5 Qb6 19.Nxb7 Qxb5 20.Rb1 Qxd5 21.Re1 Qxd1 22.Rbxd1 Nc6
23.Rd7 Nb8 24.Rde7 Nc6 25.Rd7  1/2-1/2

[Event "Sarajevo"]
[Site "Sarajevo"]
[Date "1985.??.??"]
[Round "14"]
[White "Mikhalchishin, Adrian"]
[Black "Ribli, Zoltan"]
[Result "1/2-1/2"]
[WhiteElo "2505"]
[BlackElo "2615"]

1.d4 Nf6 2.Nf3 e6 3.c4 b6 4.g3 Ba6 5.b3 Bb4+ 6.Bd2 Be7 7.Nc3 O-O 8.e4 d5
9.cxd5 Bxf1 10.Kxf1 exd5 11.e5  1/2-1/2

[Event "OHRA"]
[Site "Amsterdam"]
[Date "1986.??.??"]
[Round "?"]
[White "Ribli, Zoltan"]
[Black "Hellers, Ferdinand"]
[Result "1-0"]
[WhiteElo "2585"]
[BlackElo "2440"]

1.Nf3 c5 2.c4 Nc6 3.Nc3 e5 4.g3 g6 5.Bg2 Bg7 6.a3 Nge7 7.Rb1 a5 8.O-O d6
9.d3 O-O 10.Bd2 Rb8 11.Qa4 Bd7 12.Rfc1 Nd4 13.Qd1 Bc6 14.e3 Ne6 15.b4 axb4
16.axb4 cxb4 17.Nb5 e4 18.Nfd4 exd3 19.Nxe6 fxe6 20.Bxb4 Bxg2 21.Kxg2 Nf5
22.Qxd3 Qg5 23.Qe4 Be5 24.Nxd6 Bxd6 25.Qxe6+ Rf7 26.Bxd6 Rd8 27.c5 Qg4 28.Kg1 Qf3
29.Rf1 Ra8 30.Rb4 g5 31.Qe4 Qe2 32.Rxb7 Nxe3 33.Rbb1  1-0

[Event "OHRA"]
[Site "Amsterdam"]
[Date "1986.??.??"]
[Round "?"]
[White "Ribli, Zoltan"]
[Black "Ljubojevic, Ljubomir"]
[Result "1/2-1/2"]
[WhiteElo "2585"]
[BlackElo "2600"]

1.Nf3 d5 2.d4 c6 3.c4 dxc4 4.e3 Bg4 5.Bxc4 e6 6.Nc3 Nd7 7.h3 Bh5 8.O-O Ngf6
9.e4 Bxf3 10.Qxf3 Nb6 11.Qd3 Nxc4 12.Qxc4 Be7 13.Rd1 O-O 14.Be3 Qd7 15.Qb3 Rfd8
16.Rac1 h6 17.Rd2 Bf8 18.a3 Qe7 19.d5 exd5 20.exd5 cxd5 21.Nxd5 Nxd5 22.Rxd5 Rxd5
23.Qxd5 Rd8 24.Qc4 Qe5 25.Qc3 Bd6 26.Qxe5 Bxe5 27.Bxa7 Bxb2 28.Rb1 Bxa3  1/2-1/2

[Event "OHRA"]
[Site "Amsterdam"]
[Date "1986.??.??"]
[Round "?"]
[White "Ribli, Zoltan"]
[Black "Timman, Jan H"]
[Result "1/2-1/2"]
[WhiteElo "2585"]
[BlackElo "2620"]

1.Nf3 Nf6 2.c4 e6 3.Nc3 Bb4 4.g3 O-O 5.Bg2 d5 6.a3 Bxc3 7.dxc3 Nbd7 8.cxd5 exd5
9.O-O Re8 10.Qc2 Nc5 11.c4 dxc4 12.Qxc4 Qe7 13.b4  1/2-1/2

[Event "OHRA"]
[Site "Amsterdam"]
[Date "1986.??.??"]
[Round "?"]
[White "Vaganian, Rafael A"]
[Black "Ribli, Zoltan"]
[Result "1/2-1/2"]
[WhiteElo "2600"]
[BlackElo "2585"]

1.Nf3 Nf6 2.g3 b6 3.d4 e6 4.Bg2 Bb7 5.c4 Be7 6.O-O O-O 7.Nc3 Ne4 8.Qc2 Nxc3
9.Qxc3 c5 10.Rd1 d6 11.b3 Bf6 12.Bb2 Qe7 13.Qc2 Nc6 14.e4 g6 15.d5 Nb4 16.Qd2 Bxb2
17.Qxb2 exd5 18.exd5 Rae8  1/2-1/2

[Event "OHRA"]
[Site "Amsterdam"]
[Date "1986.??.??"]
[Round "?"]
[White "Timman, Jan H"]
[Black "Ribli, Zoltan"]
[Result "1-0"]
[WhiteElo "2620"]
[BlackElo "2585"]

1.e4 c5 2.Nf3 d6 3.d4 cxd4 4.Nxd4 Nf6 5.Nc3 a6 6.Bg5 e6 7.f4 Qb6 8.Qd2 Qxb2
9.Rb1 Qa3 10.f5 Nc6 11.fxe6 fxe6 12.Nxc6 bxc6 13.Be2 Be7 14.O-O O-O 15.Rb3 Qc5+
16.Be3 Qe5 17.Bf4 Nxe4 18.Nxe4 Qxe4 19.Bxd6 Rxf1+ 20.Kxf1 Bf6 21.Ba3 a5 22.Qd6 c5
23.Bd3 Qd5 24.Bxc5 Qxd6 25.Bxd6 Ba6 26.c4 Kf7 27.Ke2 Be7 28.Bxe7 Kxe7 29.Rb6 Ra7
30.Ke3 h6 31.g3 Kf6 32.Kd4 g5 33.Be4 h5 34.c5 a4 35.c6 a3 36.Rxa6  1-0